| 000 | 01326nam a2200265Ia 4500 | ||
|---|---|---|---|
| 999 |
_c36854 _d36854 |
||
| 001 | 2803 | ||
| 003 | GE_BSU | ||
| 005 | 20190507134630.0 | ||
| 008 | 181216s2001|||| |||||||||||||| ||geo|| | ||
| 020 | _a99992882832 | ||
| 040 | _cGE_BSU | ||
| 041 | _ageo | ||
| 082 | _2621.31(479.22) ე–78 | ||
| 100 |
_aერისთავი,ელიზბარ _9871 |
||
| 245 |
_aენერგეტიკის რეგულირების საფუძვლები : წ.II . / _cელიზბარ ერისთავი ; დემურ ჩომახიძე ; პაატა ცინცაძე ; სამეც. რედ : რევაზ არველაძე |
||
| 264 |
_aთბილისი ; _c2001 |
||
| 300 |
_a395 გვ .: _bცხრ. _c20სმ. _e2ფ. ილ |
||
| 520 | _aრეზიუმე ინგლ. და რუს. ენაზე | ||
| 653 | _aენერგეტიკის რეგულირების საფუძვლები | ||
| 653 | _aენერგერიკა | ||
| 700 |
_a ჩომახიძე, დემურ _9875 |
||
| 700 |
_aცინცაძე, პაატა _9873 |
||
| 700 |
_a არველაძე, რევაზ _dსამეცნიერო რედაქტორი _9876 |
||
| 942 |
_cBK _2udc |
||